00327nam a2200145Ia 45000030006000000080041000060400015000471000020000622450036000822500006001182600020001243000006001445460014001500050017001640STCL150530s9999 xx 000 0 und d aSTCLcSTCL aAsokan Charuvil aAnthikkadu Ethra Jennimar Undu? a1 c2010aChalakudy a0 aMalayalam20220125171334.0